000 00695 a2200241 4500
041 _aEng
082 _a517.383
_bSi39f
100 _aSilvester, P. P.
_97730
100 _aFerrari, R. L.
_97731
245 _aFinite elements for electrical engineers
260 _aCambridge :
_bUniv. Press,
_cc1983.
300 _avii, 209p. ; figs., tables.
504 _aBibliography at the end of each chapter
518 _a2067-9-18
650 _aEquations
_9605
650 _aDimensions
_96733
650 _aElements
_97682
650 _aFinite element methods
_97732
650 _aIntegral equations
_97733
650 _aElectromagnetics waves
_97734
653 _aMathematics
942 _2ddc
_cGEN
999 _c49975
_d49971